|
|
|
|
| LEADER |
01623nam a2200409Ia 4500 |
| 001 |
EBC3412203 |
| 003 |
MiAaPQ |
| 005 |
20200520144314.0 |
| 006 |
m o d | |
| 007 |
cr cn||||||||| |
| 008 |
940308s1993 bcc sb 001 0 eng d |
| 010 |
|
|
|z 94127305
|
| 015 |
|
|
|a C93-91415-5
|
| 020 |
|
|
|z 0774804408
|
| 035 |
|
|
|a (MiAaPQ)EBC3412203
|
| 035 |
|
|
|a (Au-PeEL)EBL3412203
|
| 035 |
|
|
|a (CaPaEBR)ebr10141315
|
| 035 |
|
|
|a (CaONFJC)MIL322575
|
| 035 |
|
|
|a (OCoLC)923442739
|
| 040 |
|
|
|a MiAaPQ
|c MiAaPQ
|d MiAaPQ
|
| 050 |
|
4 |
|a HF1642.55
|b .W66 1993
|
| 100 |
1 |
|
|a Woods, Lawrence Timothy,
|d 1960-
|
| 245 |
1 |
0 |
|a Asia-Pacific diplomacy
|h [electronic resource] :
|b nongovernmental organizations and international relations /
|c Lawrence T. Woods.
|
| 260 |
|
|
|a Vancouver :
|b UBC Press,
|c c1993.
|
| 300 |
|
|
|a xii, 257 p.
|
| 490 |
1 |
|
|a Canada and international relations,
|x 0847-0510 ;
|v 7
|
| 504 |
|
|
|a Includes bibliographical references: p. [211]-247 and index.
|
| 533 |
|
|
|a Electronic reproduction. Ann Arbor, MI : ProQuest, 2015. Available via World Wide Web. Access may be limited to ProQuest affiliated libraries.
|
| 650 |
|
0 |
|a Pacific Area cooperation.
|
| 650 |
|
0 |
|a Non-governmental organizations
|z Pacific Area.
|
| 650 |
|
0 |
|a Non-governmental organizations
|z East Asia.
|
| 651 |
|
0 |
|a Pacific Area
|x Foreign economic relations.
|
| 651 |
|
0 |
|a East Asia
|x Foreign economic relations.
|
| 655 |
|
4 |
|a Electronic books.
|
| 710 |
2 |
|
|a ProQuest (Firm)
|
| 830 |
|
0 |
|a Canada and international relations ;
|v 7.
|
| 856 |
4 |
0 |
|u https://ebookcentral.proquest.com/lib/matrademy/detail.action?docID=3412203
|z Click to View
|